000 00821nam a2200301 a 4500
003 AR-BaBNM
005 20251128210402.0
008 082120s2002 ||||||||||||||000 | spa||
020 _a968-16-0191-2
040 _cAR-BaBNM
100 1 _aLefebvre, Georges
245 0 0 _aLa Revolución Francesa y el Imperio
_b1789-1815
260 _aMéxico, D.F.
_bFondo de Cultura Económica
_c1995
300 _a294 p.
490 0 _aBreviarios
_vv. 151
600 0 4 _aLuis
600 1 4 _aBonaparte, NapoLeón
650 4 _aHISTORIA EUROPEA
650 4 _aSIGLO DIECINUEVE
650 4 _aHISTORIA POLITICA
650 4 _aHISTORIA SOCIAL
651 4 _aFrancia
653 _aEDAD CONTEMPORANEA
653 _aREVOLUCION FRANCESA
700 1 _aSilva de Salazar, María Teresa
_etraductor
942 _cBK
998 _cMariana
999 _c15251
_d15251